000 00867cab a2200265 4500
001 WB2814-22
008 090401t1992 xxu||||| |||| 00| 0 eng d
035 _a(Sirsi) u68978
041 _aeng
245 _aProtest over wind farm
260 _c1992
350 _a0
490 _aPlanning (for the Natural and Built Environment)
_v(961) 27 March 1992, 3(1)
520 _aA number of conservation bodies have objected to a Government decision to allow the siting of 15 wind turbines north of Ulverston on the edge of the Lake District National Park.
650 _aALTERNATIVE ENERGY SOURCES
650 _aLAKE DISTRICT
650 _aNATIONAL PARKS
650 _aPLANNING PERMISSION
650 _aWIND ENERGY GROUP
650 _aWIND FARMS
690 _aEnvironment
_96238
690 _aPLANNING LAW AND PRACTICE
942 _n0
948 _c04/03/1997
999 _c43317
_d43317